|
|
|
|
| LEADER |
00000nnm a2200000 i 4500 |
| 001 |
dolg11993 |
| 005 |
20170627143820.0 |
| 008 |
170518suuuu hu o 000 hun d |
| 040 |
|
|
|a BGE Dolgozattár Repozitórium
|b hun
|
| 041 |
|
|
|a hu
|
| 100 |
1 |
|
|a Kottner Károly
|
| 245 |
1 |
0 |
|a ROSSMANN MAGYARORSZÁG KERESKEDELMI KORLÁTOLT FELELŐSSÉGŰ TÁRSASÁG MARKETINGKOMMUNIKÁCIÓS TEVÉKENYSÉGÉNEK BEMUTATÁSA - ONLINE MARKETING
|c Kottner Károly
|h [elektronikus dokumentum]
|
| 516 |
|
|
|a Project_work
|
| 695 |
|
|
|a Marketingkommunikáció
|
| 695 |
|
|
|a Online marketing
|
| 700 |
1 |
|
|a Papp Judit
|e ths
|
| 856 |
4 |
0 |
|u http://dolgozattar.uni-bge.hu/11993/1/vegleges_dolgozat.pdf
|z Dokumentum-elérés
|